[Event "British Chess Championships 2023: U16 Championship"]
[Site "De Montfort University, 20 Western Boulevard, Leicester, LE2 7BU"]
[Date "2023.07.26"]
[Round "2"]
[Board "10"]
[White "Patel, Keatan"]
[Black "Latypova, Olga L"]
[Result "1-0"]
[WhiteElo "1536"]
[BlackElo "1693"]
[PlyCount "79"]
[EventDate "2023.07.25"]
[EventRounds "7"]
[EventCountry "ENG"]

1. d4 Nf6 2. c4 g6 3. Nc3 d5 4. Nf3 Bg7 5. Qb3 dxc4 6. Qxc4 O-O 7. e4 Nbd7 8. Bf4
c6 9. Be2 Nb6 10. Qb3 Bg4 11. Rd1 Nfd7 12. O-O Qc8 13. a4 Bxf3 14. Bxf3 e5 15. Bxe5
Bxe5 16. dxe5 Nxe5 17. Be2 Qc7 18. a5 Nc8 19. f4 Nd7 20. e5 Nc5 21. Qa3 Qe7 22. b4
Ne6 23. Ne4 f5 24. Nf6+ Rxf6 25. exf6 Qxf6 26. Bc4 Kf8 27. Bxe6 Qxe6 28. Rfe1 Qf6
29. Rd7 Nd6 30. Qa1 Ne4 31. Qxf6+ Nxf6 32. Rxb7 Nd5 33. g3 Kg8 34. Re6 Rc8 35. Rxa7
Nxb4 36. Ree7 Nd5 37. Rg7+ Kf8 38. Rxh7 Kg8 39. Rag7+ Kf8 40. Rxg6  1-0

[Event "British Chess Championships 2023: U16 Championship"]
[Site "De Montfort University, 20 Western Boulevard, Leicester, LE2 7BU"]
[Date "2023.07.26"]
[Round "2"]
[Board "11"]
[White "Afonso, Davi Diniz"]
[Black "Buckland, Louis"]
[Result "1/2-1/2"]
[WhiteElo "1543"]
[BlackElo "1650"]
[PlyCount "113"]
[EventDate "2023.07.25"]
[EventRounds "7"]
[EventCountry "ENG"]

1. d4 d5 2. Bf4 Nf6 3. e3 e6 4. Nd2 Bd6 5. Bg3 c5 6. c3 Qc7 7. Ngf3 Nbd7 8. Bb5 O-O
9. Bxd7 Nxd7 10. O-O Bxg3 11. hxg3 b6 12. e4 dxe4 13. Nxe4 Bb7 14. Qc2 h6 15. Rad1
Rfd8 16. dxc5 Nxc5 17. Nxc5 Qxc5 18. Rd2 Bd5 19. Rfd1 Rdc8 20. Nd4 b5 21. Nb3 Qc6
22. f3 Rab8 23. Qd3 b4 24. Rc1 Qb6+ 25. Kh2 bxc3 26. bxc3 Bxb3 27. Rb1 Qc6 28. axb3
Qxc3 29. Qxc3 Rxc3 30. Rd7 a5 31. Ra7 Rcxb3 32. Rxb3 Rxb3 33. Rxa5 Kh7 34. g4 Kg6
35. Kg3 f6 36. Ra7 e5 37. Re7 Rb2 38. Rc7 Rb8 39. Re7 Rb4 40. Kh3 Kh7 41. Kg3 Kg8
42. Rc7 Rd4 43. Kf2 Kf8 44. Rb7 Rd8 45. Rc7 Re8 46. Ke3 Re7 47. Rc8+ Kf7 48. Rc6
Ra7 49. Kf2 g6 50. Kg3 Re7 51. Rb6 Kg7 52. Kf2 h5 53. gxh5 gxh5 54. Rb4 Kg6 55. Kg3
Kf5 56. Kh4 e4 57. Rxe4  1/2-1/2

[Event "British Chess Championships 2023: U16 Championship"]
[Site "De Montfort University, 20 Western Boulevard, Leicester, LE2 7BU"]
[Date "2023.07.26"]
[Round "2"]
[Board "12"]
[White "Sharma, Josh"]
[Black "Sengupta, Sohana"]
[Result "1-0"]
[WhiteElo "1624"]
[BlackElo "1242"]
[PlyCount "124"]
[EventDate "2023.07.25"]
[EventRounds "7"]
[EventCountry "ENG"]

1. d4 d5 2. Nc3 Nf6 3. Bf4 e6 4. Nb5 Na6 5. e3 c6 6. Nc3 Nc7 7. Nf3 Be7 8. Bd3 O-O
9. Ne5 Nd7 10. Qf3 Nxe5 11. dxe5 c5 12. Rd1 Bd7 13. O-O c4 14. Be2 Qc8 15. Qg3 Kh8
16. Bf3 Bc5 17. Ne2 Bc6 18. c3 b5 19. b4 Be7 20. Nd4 Bb7 21. a3 a6 22. Bg5 Bxg5 23.
Qxg5 Qd8 24. Qg3 f6 25. e4 dxe4 26. Nxe6 Qe7 27. Nxf8 Rxf8 28. exf6 gxf6 29. Rfe1
f5 30. Qd6 Qxd6 31. Rxd6 exf3 32. Rd7 Rc8 33. Ree7 Nd5 34. Rxh7+ Kg8 35. Rdg7+ Kf8
36. Rxb7 Kg8 37. Rbg7+ Kf8 38. Rd7 Kg8 39. Rhg7+ Kh8 40. Rxd5 Kxg7 41. Rxf5 fxg2
42. Kxg2 Ra8 43. a4 bxa4 44. Ra5 Kg6 45. Rxa4 Kf5 46. Kf3 Rd8 47. Ra5+ Ke6 48. Rxa6+
Ke5 49. Ra5+ Ke6 50. Ke4 Rd3 51. Ra3 Rh3 52. f4 Rxh2 53. Kd4 Rf2 54. Kxc4 Rxf4+ 55.
Kb3 Kd5 56. Ra5+ Kc6 57. c4 Rf3+ 58. Ka4 Rf4 59. Ra6+ Kb7 60. Kb5 Rxc4 61. Kxc4 Kxa6
62. Kc5 Kb7  1-0

[Event "British Chess Championships 2023: U16 Championship"]
[Site "De Montfort University, 20 Western Boulevard, Leicester, LE2 7BU"]
[Date "2023.07.26"]
[Round "2"]
[Board "13"]
[White "Burnton, Joshua"]
[Black "Quaite, Toby"]
[Result "1-0"]
[WhiteElo "1335"]
[BlackElo "1374"]
[PlyCount "105"]
[EventDate "2023.07.25"]
[EventRounds "7"]
[EventCountry "ENG"]

1. e4 e6 2. d4 d5 3. exd5 exd5 4. Nf3 Bd6 5. Bd3 Nf6 6. Qe2+ Be6 7. Ng5 O-O 8. Nxe6
fxe6 9. O-O Re8 10. c3 c5 11. Nd2 e5 12. Bb5 Re7 13. dxc5 Bxc5 14. Rd1 a6 15. Ba4
b5 16. Bb3 e4 17. Nf1 Nc6 18. Bg5 Re5 19. Be3 Bxe3 20. Nxe3 Na5 21. Qc2 Ra7 22. a4
Rd7 23. axb5 axb5 24. Ra3 Nb7 25. Rda1 Rc7 26. Qd2 Rc8 27. Qd4 Rg5 28. Bd1 Nc5 29.
h4 Rg6 30. Be2 Na4 31. Qb4 d4 32. cxd4 Nd5 33. Nxd5 Qxd5 34. Qxb5 Qxb5 35. Bxb5 Nxb2
36. Ra8 Rf8 37. Rxf8+ Kxf8 38. Rb1 Nd3 39. Bxd3 exd3 40. Rd1 Rg4 41. Rxd3 Rxh4 42.
g3 Re4 43. Kg2 Ke7 44. Re3 Re6 45. Kf3 Kf6 46. Rxe6+ Kxe6 47. Ke4 g6 48. f3 h6 49.
d5+ Kd6 50. Kd4 Ke7 51. Ke5 g5 52. g4 Kf7 53. Kf5  1-0

[Event "British Chess Championships 2023: U16 Championship"]
[Site "De Montfort University, 20 Western Boulevard, Leicester, LE2 7BU"]
[Date "2023.07.26"]
[Round "3"]
[Board "1"]
[White "Madhavan, Sanjith"]
[Black "Sachdeva, Ronit"]
[Result "1-0"]
[WhiteElo "1987"]
[BlackElo "1717"]
[PlyCount "109"]
[EventDate "2023.07.25"]
[EventRounds "7"]
[EventCountry "ENG"]

1. e4 c5 2. Nf3 d6 3. d4 cxd4 4. Qxd4 Nc6 5. Bb5 Bd7 6. Qd3 e6 7. c4 h6 8. Nc3 Nf6
9. O-O Be7 10. h3 O-O 11. Bf4 a6 12. Bxc6 Bxc6 13. Rfd1 b5 14. e5 dxe5 15. Qxd8 Rfxd8
16. Nxe5 Be8 17. a3 Rxd1+ 18. Rxd1 Rd8 19. Rxd8 Bxd8 20. c5 Bc7 21. Nd3 Bxf4 22.
Nxf4 Kf8 23. Kf1 Ke7 24. Nd3 Nd7 25. b4 f6 26. f4 Nb8 27. Ke2 Bc6 28. g3 Nd7 29.
Ke3 e5 30. Ne4 f5 31. Nd6 Ke6 32. Ne8 e4 33. Ne1 Kf7 34. Nd6+ Kf6 35. Nc2 Nb8 36.
Nd4 Bd7 37. Nb7 Ke7 38. Na5 Bc8 39. Ndc6+ Nxc6 40. Nxc6+ Kd7 41. Ne5+ Kc7 42. Kd4
Be6 43. Ng6 Bf7 44. Nh4 g6 45. Ng2 Kc6 46. Ke5 Be8 47. Ne3 Kc7 48. Ke6 Bd7+ 49. Kf7
g5 50. Kg6 g4 51. h4 Kd8 52. Kxh6 Ke7 53. Kg7 Be8 54. Nxf5+ Ke6 55. Ne3  1-0

[Event "British Chess Championships 2023: U16 Championship"]
[Site "De Montfort University, 20 Western Boulevard, Leicester, LE2 7BU"]
[Date "2023.07.26"]
[Round "3"]
[Board "2"]
[White "Pert, Max P"]
[Black "Chan, Michelle Ngo Yu"]
[Result "1/2-1/2"]
[WhiteElo "1936"]
[BlackElo "1642"]
[PlyCount "77"]
[EventDate "2023.07.25"]
[EventRounds "7"]
[EventCountry "ENG"]

1. d4 d5 2. Nf3 Nf6 3. c4 e6 4. Nc3 Be7 5. Bf4 c6 6. e3 O-O 7. cxd5 exd5 8. Bd3 Bd6
9. Bg3 Re8 10. Qc2 h6 11. Bxd6 Qxd6 12. O-O Nbd7 13. Rfc1 a5 14. a4 Nb8 15. Ne5 Na6
16. Na2 Ng4 17. Nxg4 Bxg4 18. h3 Bd7 19. Qc3 Nb4 20. Nxb4 axb4 21. Qc2 Ra5 22. b3
Be6 23. Qd2 Rea8 24. Ra2 b6 25. Rac2 c5 26. dxc5 bxc5 27. Bb5 Rc8 28. e4 d4 29. Qd3
Ra7 30. Bc4 Rac7 31. Ra1 Bxc4 32. Rxc4 Ra8 33. g3 g6 34. Kg2 Kg7 35. f4 f6 36. Rd1
Re8 37. Qf3 Rce7 38. Rdc1 Rc7 39. Rd1  1/2-1/2

[Event "British Chess Championships 2023: U16 Championship"]
[Site "De Montfort University, 20 Western Boulevard, Leicester, LE2 7BU"]
[Date "2023.07.26"]
[Round "3"]
[Board "3"]
[White "Sedykh, Stakhey"]
[Black "Pal, Rohan"]
[Result "0-1"]
[WhiteElo "1635"]
[BlackElo "1966"]
[PlyCount "118"]
[EventDate "2023.07.25"]
[EventRounds "7"]
[EventCountry "ENG"]

1. e4 c5 2. Nc3 Nc6 3. g3 g6 4. Bg2 Bg7 5. d3 d6 6. f4 e6 7. Nf3 Nge7 8. O-O O-O
9. g4 f5 10. h3 Nd4 11. Ne2 Nec6 12. Ng3 Nxf3+ 13. Qxf3 Nd4 14. Qf2 Qh4 15. gxf5
exf5 16. c3 Qxg3 17. Qxg3 Ne2+ 18. Kh2 Nxg3 19. Kxg3 fxe4 20. Bxe4 Rb8 21. Bd5+ Kh8
22. Be3 Bf5 23. d4 Rbe8 24. Rae1 Bd3 25. Rh1 b6 26. dxc5 dxc5 27. Bc1 Rd8 28. Bf3
Rd7 29. Bc6 Rd6 30. Be4 Bc4 31. Bb1 Rdf6 32. b3 Bd5 33. Rhf1 c4 34. Be4 Bg8 35. Rd1
cxb3 36. axb3 Bxb3 37. Rd7 R6f7 38. Rxf7 Rxf7 39. Rf3 Rd7 40. Re3 Bc4 41. Bc6 Rd3
42. Rxd3 Bxd3 43. Bd2 a5 44. Bd5 a4 45. Be3 b5 46. Kg4 Bxc3 47. h4 b4 48. h5 gxh5+
49. Kxh5 b3 50. Bc1 b2 51. Bxb2 Bxb2 52. Ba2 Bc2 53. Kg5 Bb3 54. Bb1 a3 55. f5 a2
56. Bxa2 Bxa2 57. f6 Kg8 58. Kh6 Bxf6 59. Kh5 Kg7  0-1

[Event "British Chess Championships 2023: U16 Championship"]
[Site "De Montfort University, 20 Western Boulevard, Leicester, LE2 7BU"]
[Date "2023.07.26"]
[Round "3"]
[Board "4"]
[White "Schell, Finn"]
[Black "Chopra, Manmay"]
[Result "0-1"]
[WhiteElo "1744"]
[BlackElo "1986"]
[PlyCount "94"]
[EventDate "2023.07.25"]
[EventRounds "7"]
[EventCountry "ENG"]

1. e4 Nc6 2. Nf3 e5 3. Bb5 a6 4. Ba4 Nf6 5. d3 b5 6. Bb3 Bc5 7. O-O O-O 8. Bg5 h6
9. Bh4 g5 10. Bg3 d6 11. c3 Bb6 12. Qd2 Nh5 13. Bd5 Nxg3 14. hxg3 Bb7 15. Nh4 Qf6
16. Nf5 Rab8 17. Bxc6 Bxc6 18. Kh2 Bd7 19. g4 d5 20. Rh1 dxe4 21. dxe4 Rbd8 22. Qe2
Bxf5 23. gxf5 Kg7 24. Na3 Rd6 25. Rad1 Rfd8 26. Kg3 Qe7 27. Rxd6 Qxd6 28. Nc2 Qd3+
29. Qxd3 Rxd3+ 30. Kg4 Bxf2 31. Rh3 Rd2 32. Nb4 Bc5 33. Nxa6 Bd6 34. Nb4 Bxb4 35.
cxb4 Rxg2+ 36. Rg3 Rxb2 37. Rc3 Rxb4 38. Kf3 Ra4 39. Rxc7 Ra3+ 40. Kf2 Rxa2+ 41.
Kf3 Ra3+ 42. Kf2 g4 43. Rc5 Kf6 44. Rxb5 h5 45. Rb6+ Kg5 46. Rb7 Kf4 47. Rxf7 Ra2+
 0-1

[Event "British Chess Championships 2023: U16 Championship"]
[Site "De Montfort University, 20 Western Boulevard, Leicester, LE2 7BU"]
[Date "2023.07.26"]
[Round "3"]
[Board "5"]
[White "Evans, Ruben Nangalia"]
[Black "Ivan, Austin"]
[Result "1-0"]
[WhiteElo "1552"]
[BlackElo "1550"]
[PlyCount "45"]
[EventDate "2023.07.25"]
[EventRounds "7"]
[EventCountry "ENG"]

1. d4 d5 2. c4 e6 3. Nf3 c5 4. cxd5 exd5 5. Nc3 Nc6 6. Bf4 Nf6 7. e3 a6 8. Be2 Be6
9. O-O Be7 10. Rc1 cxd4 11. Nxd4 O-O 12. Na4 Qa5 13. Rxc6 b5 14. Nc5 Bxc5 15. Rxc5
Qxa2 16. Qa1 Qxa1 17. Rxa1 Ne4 18. Rc2 g5 19. Bg3 Bd7 20. f3 Nxg3 21. hxg3 Rfe8 22.
Kf2 Re5 23. Bxb5  1-0

[Event "British Chess Championships 2023: U16 Championship"]
[Site "De Montfort University, 20 Western Boulevard, Leicester, LE2 7BU"]
[Date "2023.07.26"]
[Round "3"]
[Board "6"]
[White "Burke, Alexander"]
[Black "Wynn, Jacob R"]
[Result "0-1"]
[WhiteElo "1792"]
[BlackElo "1291"]
[PlyCount "79"]
[EventDate "2023.07.25"]
[EventRounds "7"]
[EventCountry "ENG"]

1. e4 e5 2. Nf3 Nc6 3. Bc4 Bc5 4. c3 Nf6 5. d4 exd4 6. e5 Ng4 7. cxd4 Bb4+ 8. Nc3
d5 9. Bb5 Be6 10. Qa4 Qd7 11. Bd2 Be7 12. Rc1 O-O 13. h3 Nh6 14. Bxh6 gxh6 15. Ne2
Bb4+ 16. Kf1 Be7 17. Bxc6 bxc6 18. Rxc6 Rfb8 19. b3 Rb6 20. Rc2 Qxa4 21. bxa4 Rb1+
22. Nc1 Bf5 23. Rc6 Ba3 24. Ke2 Rab8 25. Rd1 Bd7 26. Rxc7 Bxa4 27. Nb3 Bb5+ 28. Ke1
Rb2 29. Nfd2 a6 30. Nc1 Bb4 31. f4 Ba4 32. Ncb3 Rxa2 33. Nc1 Ra3 34. Ne2 Bxd1 35.
Kxd1 Ba5 36. Rc6 Rd3 37. Rxa6 Rxd2+ 38. Ke1 Ra2+ 39. Kf1 Rb1+ 40. Kf2  0-1

[Event "British Chess Championships 2023: U16 Championship"]
[Site "De Montfort University, 20 Western Boulevard, Leicester, LE2 7BU"]
[Date "2023.07.26"]
[Round "3"]
[Board "7"]
[White "Ananyev, Yaroslav"]
[Black "Sharma, Josh"]
[Result "0-1"]
[WhiteElo "1564"]
[BlackElo "1624"]
[PlyCount "61"]
[EventDate "2023.07.25"]
[EventRounds "7"]
[EventCountry "ENG"]

1. d4 Nf6 2. Nf3 g6 3. e3 Bg7 4. Bd3 d5 5. b3 O-O 6. Nbd2 c5 7. c4 Nc6 8. dxc5 Ne4
9. Bxe4 Bxa1 10. Bxd5 Bg7 11. O-O Nb4 12. Nb1 a5 13. a3 Na6 14. Qc2 Nxc5 15. Rd1
Qb6 16. Nbd2 Bg4 17. h3 Bxf3 18. Bxf3 Rfd8 19. Bb2 Bxb2 20. Qxb2 Rd7 21. Bd5 e6 22.
Bf3 Rad8 23. Qc2 Rd6 24. Kf1 R8d7 25. Ke1 Qd8 26. b4 axb4 27. axb4 Nd3+ 28. Ke2 Nxb4
29. Qb2 Nd3 30. Qc2 Nxf2 31. Ke1  0-1

[Event "British Chess Championships 2023: U16 Championship"]
[Site "De Montfort University, 20 Western Boulevard, Leicester, LE2 7BU"]
[Date "2023.07.26"]
[Round "3"]
[Board "8"]
[White "Kathuria, Khush"]
[Black "Burnton, Joshua"]
[Result "0-1"]
[WhiteElo "1384"]
[BlackElo "1335"]
[PlyCount "48"]
[EventDate "2023.07.25"]
[EventRounds "7"]
[EventCountry "ENG"]

1. e4 e5 2. Nf3 Nc6 3. Bc4 Nf6 4. d3 h6 5. Be3 d6 6. Nbd2 g6 7. c3 Bg7 8. O-O Qe7
9. a3 Bd7 10. Re1 g5 11. d4 g4 12. dxe5 gxf3 13. exf6 Bxf6 14. Nxf3 O-O-O 15. b4
Bxc3 16. b5 Ne5 17. Nxe5 dxe5 18. Qc2 Bxa1 19. b6 axb6 20. Bxb6 cxb6 21. Bd5+ Qc5
22. Qb1 Kb8 23. Qxa1 Bc6 24. Qxe5+ Qd6  0-1

[Event "British Chess Championships 2023: U16 Championship"]
[Site "De Montfort University, 20 Western Boulevard, Leicester, LE2 7BU"]
[Date "2023.07.26"]
[Round "3"]
[Board "9"]
[White "Whelan, Joseph"]
[Black "Ewart, Samuel"]
[Result "1-0"]
[WhiteElo "1506"]
[BlackElo "1086"]
[PlyCount "49"]
[EventDate "2023.07.25"]
[EventRounds "7"]
[EventCountry "ENG"]

1. d4 d5 2. Bf4 Bf5 3. e3 Nf6 4. Nf3 e6 5. c3 c5 6. Bb5+ Nbd7 7. Bg5 Be7 8. Bxf6
Bxf6 9. Qa4 Be7 10. Ne5 O-O 11. Nxd7 Re8 12. Nxc5 Rf8 13. Nd2 Qc7 14. Bd3 Bg6 15.
Bxg6 hxg6 16. Qd7 Rac8 17. Qxc7 Rxc7 18. Ke2 Bxc5 19. dxc5 Rxc5 20. Nb3 Rb5 21. Rac1
Rc8 22. Rc2 Rb4 23. Kd3 b6 24. cxb4 Rxc2 25. Kxc2  1-0

[Event "British Chess Championships 2023: U16 Championship"]
[Site "De Montfort University, 20 Western Boulevard, Leicester, LE2 7BU"]
[Date "2023.07.26"]
[Round "3"]
[Board "10"]
[White "Cordova Lopez, Diego Anton"]
[Black "Patel, Keatan"]
[Result "1/2-1/2"]
[WhiteElo "1900"]
[BlackElo "1536"]
[PlyCount "41"]
[EventDate "2023.07.25"]
[EventRounds "7"]
[EventCountry "ENG"]

1. e4 e5 2. Nf3 Nc6 3. Nc3 Nf6 4. a3 Be7 5. d4 exd4 6. Nxd4 O-O 7. Nxc6 dxc6 8. Bd3
Bg4 9. f3 Be6 10. Be3 Nd7 11. O-O Bc5 12. Qe2 Qg5 13. Bxc5 Qxc5+ 14. Kh1 Rae8 15.
Rad1 Ne5 16. Na4 Qa5 17. b3 Nxd3 18. Qxd3 f5 19. Rfe1 fxe4 20. fxe4 Bg4 21. Ra1  1/2-1/2

[Event "British Chess Championships 2023: U16 Championship"]
[Site "De Montfort University, 20 Western Boulevard, Leicester, LE2 7BU"]
[Date "2023.07.26"]
[Round "3"]
[Board "11"]
[White "Buckland, Louis"]
[Black "Wills, Jack"]
[Result "1-0"]
[WhiteElo "1650"]
[BlackElo "1674"]
[PlyCount "71"]
[EventDate "2023.07.25"]
[EventRounds "7"]
[EventCountry "ENG"]

1. d4 d5 2. c4 e6 3. g3 Nf6 4. Bg2 Be7 5. Nf3 O-O 6. O-O c5 7. cxd5 Nxd5 8. e4 Nf6
9. e5 Nd5 10. Nc3 Nc6 11. Nxd5 Qxd5 12. Be3 cxd4 13. Nxd4 Qxe5 14. Nxc6 bxc6 15.
Bxc6 Ba6 16. Re1 Rad8 17. Qa4 Qc7 18. Qxa6 Rd6 19. Rec1 Rc8 20. Qxa7 Qxa7 21. Bxa7
Rdxc6 22. Be3 Bf6 23. Rxc6 Rxc6 24. Rc1 Rxc1+ 25. Bxc1 Kf8 26. b4 Ke7 27. Bd2 Kd6
28. a4 Kc6 29. Kg2 Kd6 30. b5 Kc7 31. a5 Kb7 32. a6+ Ka7 33. Be3+ Ka8 34. b6 Be7
35. b7+ Kb8 36. Bf4+  1-0

[Event "British Chess Championships 2023: U16 Championship"]
[Site "De Montfort University, 20 Western Boulevard, Leicester, LE2 7BU"]
[Date "2023.07.26"]
[Round "3"]
[Board "12"]
[White "Latypova, Olga L"]
[Black "Afonso, Davi Diniz"]
[Result "1/2-1/2"]
[WhiteElo "1693"]
[BlackElo "1543"]
[PlyCount "119"]
[EventDate "2023.07.25"]
[EventRounds "7"]
[EventCountry "ENG"]

1. e4 e5 2. Nf3 Nc6 3. Bc4 Bc5 4. c3 Nf6 5. d3 a6 6. O-O d6 7. Nbd2 O-O 8. h3 Ba7
9. Bb3 Be6 10. Bc2 h6 11. Re1 Re8 12. Nf1 d5 13. exd5 Qxd5 14. Ng3 Rad8 15. Qe2 Qd6
16. Nd2 Bd5 17. Nde4 Qe6 18. b3 Nd7 19. Be3 Bxe3 20. fxe3 f5 21. Nd2 Qg6 22. Qf2
Be6 23. d4 e4 24. Bd1 Nf6 25. a3 h5 26. c4 Bc8 27. b4 Qg5 28. Nb3 h4 29. Ne2 Nh5
30. Nc3 Ng3 31. Nd5 Rxd5 32. cxd5 Ne7 33. Nd2 Nxd5 34. Bb3 Be6 35. Bxd5 Bxd5 36.
Nf1 Nh5 37. a4 b5 38. axb5 axb5 39. Kh2 c6 40. g3 Re6 41. gxh4 Qf6 42. Nd2 f4 43.
exf4 Qxf4+ 44. Qxf4 Nxf4 45. Nf1 Nd3 46. Re3 Nxb4 47. Rg3 Re7 48. Ne3 Rf7 49. h5
Kh7 50. Ra8 Rd7 51. Re8 Nd3 52. Nf5 b4 53. Nh4 Bg8 54. Rxe4 Nb2 55. Nf3 Nc4 56. Ng5+
Kh6 57. h4 Rd8 58. Rb3 Nd2 59. Rxb4 Nxe4 60. Nxe4  1/2-1/2

[Event "British Chess Championships 2023: U16 Championship"]
[Site "De Montfort University, 20 Western Boulevard, Leicester, LE2 7BU"]
[Date "2023.07.26"]
[Round "3"]
[Board "13"]
[White "Sengupta, Sohana"]
[Black "Rich, Aaron"]
[Result "0-1"]
[WhiteElo "1242"]
[BlackElo "1583"]
[PlyCount "108"]
[EventDate "2023.07.25"]
[EventRounds "7"]
[EventCountry "ENG"]

1. e4 c5 2. Nf3 Nc6 3. d4 cxd4 4. Nxd4 g6 5. Nc3 Bg7 6. Be3 Nf6 7. Be2 O-O 8. Nb3
d6 9. O-O Be6 10. f4 Na5 11. Nxa5 Qxa5 12. Qd2 Rac8 13. h3 b5 14. a3 Bc4 15. Bd3
Nd7 16. Nd5 Qd8 17. Bxc4 Rxc4 18. Rab1 Nc5 19. b3 Rxe4 20. b4 Ne6 21. Qd3 Rc4 22.
Bxa7 Nd4 23. c3 e6 24. Bxd4 Bxd4+ 25. cxd4 exd5 26. Rfd1 Re8 27. Re1 f5 28. Qf3 Rxd4
29. Red1 Ree4 30. Rxd4 Rxd4 31. Rd1 Qb6 32. Kh2 Rxd1 33. Qxd1 Qc6 34. Qd2 Qc4 35.
g3 d4 36. Kg2 Qc3 37. Qe2 Qc6+ 38. Kf2 Kf7 39. h4 d5 40. Qd3 Qc4 41. Ke2 Ke6 42.
Kd2 Kd6 43. Ke2 Kc6 44. Kd2 Kb6 45. Ke2 Qc3 46. Qxc3 dxc3 47. Kd3 d4 48. Kc2 Kc6
49. Kd3 Kd5 50. Kc2 Kc4 51. h5 d3+ 52. Kc1 c2 53. Kb2 gxh5 54. Kc1 Kc3  0-1

[Event "British Chess Championships 2023: U16 Championship"]
[Site "De Montfort University, 20 Western Boulevard, Leicester, LE2 7BU"]
[Date "2023.07.27"]
[Round "4"]
[Board "1"]
[White "Pal, Rohan"]
[Black "Madhavan, Sanjith"]
[Result "1-0"]
[WhiteElo "1966"]
[BlackElo "1987"]
[PlyCount "98"]
[EventDate "2023.07.25"]
[EventRounds "7"]
[EventCountry "ENG"]

1. c4 Nf6 2. g3 g6 3. Bg2 Bg7 4. Nc3 O-O 5. e4 d6 6. Nge2 c5 7. O-O Nc6 8. d3 Bd7
9. h3 Ne8 10. Be3 Nc7 11. d4 cxd4 12. Nxd4 Ne6 13. Nde2 Nc7 14. b3 Rb8 15. a4 Qc8
16. Kh2 b6 17. Qd2 a6 18. Rac1 Re8 19. Nd5 Na5 20. Qa2 Nxd5 21. cxd5 Qd8 22. b4 Nb7
23. Nd4 Bxd4 24. Bxd4 a5 25. Rc6 Bxc6 26. dxc6 Nc5 27. bxc5 bxc5 28. Bc3 e6 29. f4
Qc7 30. f5 e5 31. Qd2 Kg7 32. Qd5 f6 33. Rd1 Rec8 34. Qxd6 Qxd6 35. Rxd6 Rb6 36.
Rd7+ Kh6 37. c7 Ra6 38. Bd2+ g5 39. h4 Ra7 40. Rd6 Raxc7 41. Bxg5+ Kg7 42. Bxf6+
Kf7 43. Bxe5 Rb7 44. Bc3 Rb3 45. Bxa5 c4 46. e5 Rb2 47. e6+ Kf8 48. f6 c3 49. e7+
Kf7  1-0

[Event "British Chess Championships 2023: U16 Championship"]
[Site "De Montfort University, 20 Western Boulevard, Leicester, LE2 7BU"]
[Date "2023.07.27"]
[Round "4"]
[Board "2"]
[White "Chopra, Manmay"]
[Black "Wynn, Jacob R"]
[Result "1-0"]
[WhiteElo "1986"]
[BlackElo "1291"]
[PlyCount "85"]
[EventDate "2023.07.25"]
[EventRounds "7"]
[EventCountry "ENG"]

1. e4 e5 2. Nf3 Nc6 3. Bb5 a6 4. Ba4 b5 5. Bb3 Be7 6. O-O Nf6 7. Re1 O-O 8. h3 Bb7
9. d3 h6 10. c3 d6 11. Nbd2 Na5 12. Bc2 c5 13. Nf1 Qd7 14. Ng3 Rac8 15. Be3 Rfe8
16. Qd2 Nc6 17. Bxh6 gxh6 18. Qxh6 Nh7 19. Nh5 Bf8 20. Qxh7+ Kxh7 21. Nf6+ Kh8 22.
Nxd7 Bg7 23. Nb6 Rb8 24. Bb3 f5 25. exf5 Ne7 26. f6 Bc6 27. fxg7+ Kxg7 28. Nd5 Nxd5
29. Bxd5 Bxd5 30. Nd2 Rg8 31. f3 Rbf8 32. Ne4 Kh7 33. Kh2 Rg6 34. b3 Rff6 35. Re2
Bc6 36. Rf1 Rf8 37. c4 b4 38. Ref2 Rfg8 39. g4 Bd7 40. f4 Bxg4 41. hxg4 Rh6+ 42.
Kg3 exf4+ 43. Rxf4  1-0

[Event "British Chess Championships 2023: U16 Championship"]
[Site "De Montfort University, 20 Western Boulevard, Leicester, LE2 7BU"]
[Date "2023.07.27"]
[Round "4"]
[Board "3"]
[White "Chan, Michelle Ngo Yu"]
[Black "Evans, Ruben Nangalia"]
[Result "0-1"]
[WhiteElo "1642"]
[BlackElo "1552"]
[PlyCount "90"]
[EventDate "2023.07.25"]
[EventRounds "7"]
[EventCountry "ENG"]

1. e4 e6 2. d4 d5 3. e5 c5 4. c3 Nc6 5. Nf3 a6 6. Be2 cxd4 7. cxd4 Nge7 8. Na3 Ng6
9. Nc2 Be7 10. O-O O-O 11. Bd2 Bd7 12. Bc3 b5 13. Qd2 Rb8 14. a3 a5 15. b4 a4 16.
Nce1 Na7 17. Nd3 Nc8 18. Nc5 Nb6 19. g3 f6 20. h4 fxe5 21. Nxd7 Qxd7 22. dxe5 Bd8
23. h5 Ne7 24. Nd4 Nc4 25. Bxc4 bxc4 26. Rac1 Bb6 27. g4 Bxd4 28. Bxd4 Rf3 29. Rc3
Rbf8 30. Kg2 Rxc3 31. Bxc3 Nc6 32. Bd4 c3 33. Bxc3 d4 34. f3 Qd5 35. Bb2 Rd8 36.
Rd1 Qxe5 37. Qc2 Rf8 38. Rf1 Qd5 39. Qxa4 e5 40. Qd1 Ne7 41. Qe2 Rf4 42. Kg3 Qd6
43. Re1 e4 44. Qc4+ Nd5 45. fxe4 Rxe4+  0-1

[Event "British Chess Championships 2023: U16 Championship"]
[Site "De Montfort University, 20 Western Boulevard, Leicester, LE2 7BU"]
[Date "2023.07.27"]
[Round "4"]
[Board "4"]
[White "Burnton, Joshua"]
[Black "Pert, Max P"]
[Result "0-1"]
[WhiteElo "1335"]
[BlackElo "1936"]
[PlyCount "88"]
[EventDate "2023.07.25"]
[EventRounds "7"]
[EventCountry "ENG"]

1. e4 c6 2. Nc3 d5 3. Nf3 Bg4 4. h3 Bxf3 5. Qxf3 Nf6 6. d3 e6 7. Be2 Be7 8. e5 Nfd7
9. Qg3 g6 10. O-O c5 11. f4 Nc6 12. Qe1 a6 13. b3 Qc7 14. Bf3 O-O-O 15. a4 Kb8 16.
Bd2 Rhe8 17. Rb1 Nb4 18. Qc1 f6 19. exf6 Nxf6 20. Ne2 Bd6 21. Bxb4 cxb4 22. g3 Rc8
23. Rb2 e5 24. Bg2 e4 25. d4 h6 26. Qe3 Rf8 27. Rc1 Qa5 28. c4 bxc3 29. Rxc3 Bb4
30. Rxc8+ Rxc8 31. g4 h5 32. g5 Ne8 33. Qg3 Be1 34. Qe3 Nd6 35. Ng3 h4 36. Nf1 Nf5
37. Qe2 Bc3 38. Rb1 Bxd4+ 39. Kh1 Qc3 40. Kh2 Ng3 41. Qg4 Bf2 42. Qe6 Qc2 43. Qe5+
Ka7 44. Rb2 Qc5  0-1

[Event "British Chess Championships 2023: U16 Championship"]
[Site "De Montfort University, 20 Western Boulevard, Leicester, LE2 7BU"]
[Date "2023.07.27"]
[Round "4"]
[Board "5"]
[White "Sachdeva, Ronit"]
[Black "Whelan, Joseph"]
[Result "1-0"]
[WhiteElo "1717"]
[BlackElo "1506"]
[PlyCount "68"]
[EventDate "2023.07.25"]
[EventRounds "7"]
[EventCountry "ENG"]

1. d4 e6 2. Nf3 Nf6 3. e3 d5 4. Bd3 Bd6 5. b3 c5 6. Bb2 cxd4 7. exd4 Nbd7 8. Nbd2
Qc7 9. O-O O-O 10. Qe2 Re8 11. Ne5 Nf8 12. f4 N6d7 13. Rf3 f5 14. Nxd7 Bxd7 15. g3
Re7 16. a4 Be8 17. Re3 h6 18. Re1 Bg6 19. Kg2 Kf7 20. h4 h5 21. Nf3 Nh7 22. Rxe6
Nf8 23. Ng5+ Kg8 24. Rxe7 Bxe7 25. Qxe7 Qa5 26. Re2 Re8 27. Qc5 Rxe2+ 28. Bxe2 Qe1
29. Qxd5+ Kh8 30. Bc4 Qd2+ 31. Kh3 Bh7 32. Nxh7 Kxh7 33. Qxf5+ Kh6 34. Qg5+ Kh7  1-0